Normal view
MARC view
Entry Topical Term
001 - CONTROL NUMBER
- control field: 48497
003 - CONTROL NUMBER IDENTIFIER
- control field: OSt
005 - DATE AND TIME OF LATEST TRANSACTION
- control field: 20241104144658.0
008 - FIXED-LENGTH DATA ELEMENTS
- fixed length control field: 241104|| aca||aabn | a|a d
040 ## - CATALOGING SOURCE
- Original cataloging agency: OSt
- Transcribing agency: OSt
150 ## - HEADING--TOPICAL TERM
- Topical term or geographic name entry element: Farmers moment in India, Agrarian questions, Populism, Political ecology, Political economy.
670 ## - SOURCE DATA FOUND
- Source citation: Work cat.: (OSt): Ravipati, Nikhil 48496, Indian farmers’ struggle 2020–2021: Contemporary agrarian questions and challenges for a Marxian political ecology of agriculture
